|
|
|
|
| LEADER |
00000cam a2200000 a 4500 |
| 001 |
vtls008404020 |
| 003 |
SK-MaSNL |
| 005 |
20260302053621.0 |
| 008 |
250312s1947 xo e 000 1 slo |
| 015 |
|
|
|a SNBA19451955-013139
|
| 020 |
|
|
|q (viaz.)
|
| 035 |
|
|
|a SK01SNKBKSFS20020096237
|
| 035 |
|
|
|a urn:nbn:sk:snk-am3idvc
|
| 035 |
|
|
|a urn:nbn:sk:snk-am00e6bi
|
| 035 |
|
|
|a 491C283D-909E-4832-A02A-704D0B3B7D11
|
| 035 |
|
|
|a SKM000098700
|
| 040 |
|
|
|a SNK
|b slo
|c SNK
|e AACR2
|
| 041 |
0 |
|
|a slo
|
| 044 |
|
|
|a xo
|c SK
|
| 072 |
|
7 |
|a 821.162.4-3
|x Slovenská próza
|2 konspekt
|
| 080 |
|
|
|a 821.162.4-3
|2 2011
|
| 080 |
|
|
|a (0:82-992)
|2 2011
|
| 080 |
|
|
|a (0:82-4)
|2 2011
|
| 100 |
1 |
|
|a Vajanský, Svetozár Hurban,
|d 1847-1916
|4 aut
|9 110614
|
| 245 |
1 |
0 |
|a Doma i na cestách
|c Svetozár Hurban Vajanský ; [upravovateľ Dušan Šulc]
|
| 250 |
|
|
|a Vyd. 3.
|
| 260 |
|
|
|a Turčiansky Sv. Martin
|b Matica slovenská
|c 1947
|
| 300 |
|
|
|a 308, [3] s.
|c 19 cm
|
| 490 |
1 |
|
|a Sobrané diela
|v sv. 12
|
| 600 |
1 |
7 |
|a Vajanský, Svetozár Hurban,
|d 1847-1916
|2 SNKMA
|9 110614
|
| 655 |
|
7 |
|a slovenské prózy
|2 SNKPH
|9 70229
|
| 655 |
|
7 |
|a cestopisy
|2 SNKPH
|9 70220
|
| 655 |
|
7 |
|a črty
|2 SNKPH
|9 70772
|
| 655 |
|
7 |
|a úvahy
|2 SNKPH
|9 29403
|
| 655 |
|
7 |
|a Slovak prose
|2 SNKPHeng
|9 278617
|
| 655 |
|
7 |
|a Books of travels
|2 SNKPHeng
|9 280380
|
| 655 |
|
7 |
|a Literary sketches
|2 SNKPHeng
|9 313245
|
| 655 |
|
7 |
|a Essays
|2 SNKPHeng
|9 267540
|
| 700 |
1 |
|
|a Šulc, Dušan,
|d 1912-1995
|4 aut
|9 5856
|
| 740 |
0 |
2 |
|a Z väzenia
|
| 740 |
0 |
2 |
|a Dubrovník - Cetinje
|
| 740 |
0 |
2 |
|a Nálady a výhľady
|
| 740 |
0 |
2 |
|a Umenie v živote národov
|
| 800 |
1 |
|
|a Vajanský, Svetozár Hurban,
|d 1847-1916
|t Sobrané diela
|9 309637
|
| 852 |
|
|
|a Slovenská národná knižnica
|
| 954 |
|
|
|a beletria pôvodná (slovenská)
|2 lita
|
| 958 |
|
|
|a OND
|
| 958 |
|
|
|a RK
|
| 958 |
|
|
|a TL
|
| 999 |
|
|
|c 1110113
|d 1112043
|
| 952 |
|
|
|a SNK
|b SNK
|y VYP
|7 0
|p 17A0626473
|o snkSD 6658/12 D1
|i snkF 5465/63
|0 0
|1 0
|4 0
|d 2009-08-10
|l 0
|r 2026-02-24 17:58:16
|w 2026-02-24
|
| 952 |
|
|
|a SNK
|b SNK
|y VYP
|7 0
|p 17A0626521
|o snkSD 6658/12 D2
|i snkF 3055/65
|8 5
|0 0
|1 0
|4 0
|d 2009-08-10
|l 0
|r 2026-02-24 17:58:16
|w 2026-02-24
|
| 952 |
|
|
|a SNK
|b SNK
|y VYP
|7 0
|p 17A0626474
|o snkSD 6658/12 D3
|i snkF 3054/65
|8 5
|0 0
|1 0
|4 0
|d 2009-08-10
|l 0
|r 2026-02-24 17:58:16
|w 2026-02-24
|
| 952 |
|
|
|a SNK
|b SNK
|y VYP
|7 0
|p 17A0626520
|o snkSD 6658/12 D4
|i snkF 426/64
|8 5
|0 0
|1 0
|4 0
|d 2009-08-10
|l 0
|r 2026-02-24 17:58:16
|w 2026-02-24
|
| 952 |
|
|
|a SNK
|b SNK
|y PREZ
|7 0
|p 17A0911594
|o snkSD 6658/12
|i snkF 5552/62
|8 5
|0 0
|1 0
|4 0
|d 2019-04-04
|f 1
|l 0
|r 2025-11-14 00:00:00
|w 2026-02-24
|